[Event "Hampstead U2200"]
[Site "Hampstead, London"]
[Date "2013.09.28"]
[Round "1"]
[White "Turner, Caius AW"]
[Black "Mitchell, Robert"]
[Result "1-0"]
[WhiteElo "2164"]
[BlackElo "1690"]
[EventType "swiss"]
[EventRounds "5"]

1. Nf3 d6 2. d4 Nf6 3. c4 c6 4. g3 Na6 5. Bg2 Bf5 6. O-O e6 7. Nc3 Be7 8. Nh4
Bg6 9. e4 Bh5 10. Qd2 Nd7 11. Nf3 e5 12. d5 O-O 13. Ne1 c5 14. a3 Nc7 15. Nd3
Bf6 16. h3 h6 17. g4 Bg6 18. Ne2 Bh7 19. a4 Bg5 20. Qc2 Qf6 21. Ng3 Bg6 22. b3
Na6 23. Bb2 Qe7 24. Bc3 Nc7 25. Rae1 Rae8 26. Nb2 Bh4 27. Nd1 Bxg3 28. fxg3
Nf6 29. Qe2 Nh7 30. h4 Nf6 31. Nf2 h5 32. g5 Nh7 33. Bd2 f6 34. gxf6 Rxf6 35.
g4 hxg4 36. Qxg4 Bf7 37. Nh3 Rg6 38. Ng5 Nf6 39. Qe2 Rf8 40. h5 Nxh5 41. Qxh5
Rh6 42. Rxf7 Rxf7 43. Qxf7+ {#r} 1-0

[Event "Hampstead U2200"]
[Site "Hampstead, London"]
[Date "2013.09.28"]
[Round "1"]
[White "Miu, Marinel"]
[Black "Farzaliyev, Kanan"]
[Result "0-1"]
[WhiteElo "1706"]
[BlackElo "2122"]
[EventType "swiss"]
[EventRounds "5"]

1. d4 Nf6 2. c3 g6 3. Bf4 Bg7 4. e3 O-O 5. Be2 d6 6. h4 h5 7. Bf3 a5 8. a4 Na6
9. Na3 c6 10. Qb3 Qc7 11. e4 e5 12. dxe5 dxe5 13. Be3 Be6 14. Qb6 Qxb6 15.
Bxb6 Nd7 16. Be3 Nac5 17. Nb1 Nd3+ 18. Kd2 N7c5 19. Bxc5 Nxc5 20. Ke1 Bh6 21.
Ne2 Nd3+ 22. Kf1 Rad8 23. Na3 Nxb2 24. g3 Nxa4 25. Kg2 Nc5 26. c4 Rd3 27. Rhb1
Rxf3 28. Kxf3 Bg4+ 29. Kg2 Bxe2 30. f3 Bd3 31. Rd1 f5 32. exf5 gxf5 33. Ra2 e4
34. f4 a4 35. Nb1 Bxb1 36. Rxb1 Rd8 37. Rb4 Kf7 38. Rbxa4 Nxa4 39. Rxa4 Rd2+
40. Kf1 Rb2 41. Ra8 Bf8 42. Rc8 e3 43. Rc7+ Ke6 {#R} 0-1

[Event "Hampstead U2200"]
[Site "Hampstead, London"]
[Date "2013.09.28"]
[Round "1"]
[White "Ismailov, Roman"]
[Black "Jina, Taran"]
[Result "1-0"]
[WhiteElo "2051"]
[BlackElo "1690"]
[EventType "swiss"]
[EventRounds "5"]

1. d4 Nf6 2. c4 e6 3. Nc3 Bb4 4. e3 b6 5. Bd3 Bb7 6. f3 d5 7. Nge2 c5 8. O-O
O-O 9. a3 Bxc3 10. bxc3 Ba6 11. cxd5 Bxd3 12. Qxd3 exd5 13. e4 dxe4 14. fxe4
Re8 15. Bg5 Nbd7 16. Rad1 h6 17. Bxf6 Nxf6 18. Ng3 Qe7 19. e5 Nd7 20. Nf5 Qe6
21. Rf3 Nf8 22. Rdf1 Nh7 23. h4 f6 24. Rg3 Re7 25. Nxe7+ Qxe7 26. exf6 Nxf6
27. d5 Rd8 28. c4 b5 29. cxb5 Rxd5 30. Qb3 Qf7 31. Rxf6 {#r} 1-0

[Event "Hampstead U2200"]
[Site "Hampstead, London"]
[Date "2013.09.28"]
[Round "1"]
[White "Sloan, Cecil"]
[Black "Villiers, Thomas"]
[Result "0-1"]
[WhiteElo "1690"]
[BlackElo "2043"]
[EventType "swiss"]
[EventRounds "5"]

1. e4 d5 2. exd5 Qxd5 3. Nc3 Qa5 4. d4 Nf6 5. Nf3 c6 6. Be2 g6 7. O-O Bg7 8.
Be3 O-O 9. Qd2 Rd8 10. Rfd1 Ng4 11. Bg5 Qc7 12. h3 Ne5 13. Nxe5 Bxe5 14. Qe3
Bd6 15. Ne4 Be6 16. Nxd6 Qxd6 17. Rd2 Nd7 18. Rad1 Nb6 19. Bf4 Qd7 20. Bh6 Nd5
21. Qe5 f6 22. Qg3 Qc7 23. Qxc7 Nxc7 24. Bf4 Nd5 25. Bg3 Nb6 26. b3 Rac8 27.
c4 Bf7 28. Bg4 e6 29. Re1 Re8 30. Rde2 Rcd8 31. Bxe6 Bxe6 32. Rxe6 Rxe6 33.
Rxe6 Kf7 34. Rd6 Re8 35. Kf1 Ke7 36. d5 cxd5 37. cxd5 Rc8 38. Re6+ Kf7 39. Re2
Nxd5 40. Rd2 Rc1+ 41. Ke2 Ke6 42. Bb8 a6 43. Ba7 Rc3 44. Bd4 Nf4+ 45. Kd1 Rc7
46. f3 Rd7 47. Kc2 Nxg2 48. Re2+ Kf5 49. Bxf6 Nf4 50. Re7 Rxe7 51. Bxe7 Nxh3
52. Kd2 Kf4 53. Ke2 Ng1+ 54. Kf2 Nxf3 55. Bd6+ Ke4 56. a4 h5 57. Kg3 g5 58.
Be7 g4 59. b4 Kf5 60. Bd8 h4+ 61. Bxh4 Nxh4 62. Kxh4 Kf4 {#R} 0-1

[Event "Hampstead U2200"]
[Site "Hampstead, London"]
[Date "2013.09.28"]
[Round "1"]
[White "Twitchell, Neville H"]
[Black "Haddock, Paul"]
[Result "1-0"]
[WhiteElo "2014"]
[BlackElo "1675"]
[EventType "swiss"]
[EventRounds "5"]

1. e4 e5 2. Nf3 Nc6 3. Bb5 a6 4. Bxc6 dxc6 5. O-O Bg4 6. h3 Bh5 7. g4 Bg6 8.
Nxe5 Bd6 9. Nxg6 hxg6 10. Qf3 Qh4 11. Kg2 O-O-O 12. d3 Ne7 13. Rh1 g5 14. Nd2
Rdf8 15. Nc4 Bc5 16. Be3 Bxe3 17. fxe3 g6 18. Qf6 Ng8 19. Qf3 Ne7 20. Nd2 f5
21. Qg3 Qh7 22. Raf1 Qg7 23. c3 f4 24. exf4 gxf4 25. Rxf4 Rxf4 26. Qxf4 Rf8
27. Qg5 Kb8 28. Rf1 Rxf1 29. Nxf1 Qf7 30. b3 Qe6 31. Nd2 Qd6 32. d4 b6 33. Nc4
Qe6 34. Qe5 Qxe5 35. Nxe5 Kc8 36. Kf3 Kd8 37. Kf4 Ke8 38. Kg5 {#r} 1-0

[Event "Hampstead U2200"]
[Site "Hampstead, London"]
[Date "2013.09.28"]
[Round "1"]
[White "Cavendish, Joshua"]
[Black "Waterfield, John"]
[Result "0-1"]
[WhiteElo "1683"]
[BlackElo "1991"]
[EventType "swiss"]
[EventRounds "5"]

1. e4 c5 2. Nc3 g6 3. Bc4 Nc6 4. f4 Bg7 5. Nf3 e6 6. O-O Nge7 7. Qe1 O-O 8. d3
d5 9. Bb3 Nd4 10. Nxd4 cxd4 11. Nd1 b5 12. Nf2 a5 13. a3 dxe4 14. dxe4 Ba6 15.
Nd3 Rc8 16. f5 exf5 17. Bg5 Qc7 18. Qh4 Rce8 19. Rae1 fxe4 20. Rxf7 Rxf7 21.
Rxe4 Kf8 22. Bxf7 Kxf7 23. Rf4+ Kg8 24. Re4 Qxc2 25. Qh3 Bc8 26. Qg3 Bf5 27.
Ne1 Qxe4 {#R} 0-1

[Event "Hampstead U2200"]
[Site "Hampstead, London"]
[Date "2013.09.28"]
[Round "1"]
[White "Millward, David J"]
[Black "Horlock, Peter J"]
[Result "0-1"]
[WhiteElo "1928"]
[BlackElo "1638"]
[EventType "swiss"]
[EventRounds "5"]

1. e4 e5 2. Nf3 Nc6 3. Bb5 a6 4. Ba4 Nf6 5. O-O Be7 6. Re1 O-O 7. c3 d6 8. d3
h6 9. Nbd2 Nh7 10. Nf1 Bg4 11. Ng3 Bg5 12. h3 Bxc1 13. Rxc1 Bxf3 14. Qxf3 Ng5
15. Qe3 Ne7 16. Bb3 Qd7 17. h4 Nh7 18. Qf3 Kh8 19. Nf5 a5 20. g4 Ng6 21. Kh2
Nf4 22. Rg1 a4 23. Bc2 Rae8 24. g5 Qd8 25. Qg4 h5 26. Qf3 g6 27. Ne3 f6 28.
Ng2 fxg5 29. hxg5 Nxg5 30. Qg3 Ne2 31. Qe3 Rf3 {#R} 0-1

[Event "Hampstead U2200"]
[Site "Hampstead, London"]
[Date "2013.09.28"]
[Round "1"]
[White "Verma, Aditya"]
[Black "Landau, Jonathan"]
[Result "0-1"]
[WhiteElo "1647"]
[BlackElo "1956"]
[EventType "swiss"]
[EventRounds "5"]

1. e4 e5 2. Nc3 Nc6 3. Bc4 Nf6 4. d3 Na5 5. Bb3 Nxb3 6. axb3 c6 7. f4 d6 8.
Nf3 Qc7 9. O-O Be7 10. Kh1 O-O 11. h3 Nh5 12. Kh2 Nxf4 13. Bxf4 exf4 14. Ne2
g5 15. Nfd4 Bd7 16. Nc3 Bf6 17. Nf3 h6 18. Nd2 Bg7 19. Qh5 a6 20. Kh1 Rae8 21.
h4 f6 22. Rae1 Re5 23. d4 Be8 24. Qg4 h5 25. Qf3 Re6 26. Nc4 Bh6 27. d5 Re7
28. Rd1 c5 29. g3 g4 30. Qf2 b5 31. Nd2 b4 32. Ncb1 f3 33. Nc4 Rxe4 34. Rfe1
Bg6 35. Rxe4 Bxe4 36. Re1 Bxd5 {#R} 0-1

[Event "Hampstead U2200"]
[Site "Hampstead, London"]
[Date "2013.09.28"]
[Round "1"]
[White "Hayward, Alan"]
[Black "Sharkey, Brian"]
[Result "1-0"]
[WhiteElo "1941"]
[BlackElo "1634"]
[EventType "swiss"]
[EventRounds "5"]

1. d4 d6 2. Nc3 Nf6 3. e4 g6 4. f3 Bg7 5. Be3 c6 6. Qd2 b5 7. Be2 Nbd7 8. Nh3
Nb6 9. Nf2 Nc4 10. Bxc4 bxc4 11. O-O O-O 12. Bh6 Bxh6 13. Qxh6 Qb6 14. Qd2 d5
15. Rfe1 Re8 16. e5 Nh5 17. b3 cxb3 18. axb3 Ng7 19. Na4 Qb5 20. Nc5 Ne6 21.
Nxe6 Bxe6 22. Nd3 a5 23. Nc5 Reb8 24. Ra4 Ra7 25. Rea1 Rba8 26. b4 Bf5 27. g4
Bc8 28. Rxa5 Rxa5 29. Rxa5 Rxa5 30. bxa5 Ba6 31. Nxa6 Qxa6 32. Kf2 Kg7 33. h4
h6 34. f4 Qa7 35. Qb4 Kf8 36. Qc5 Qa6 37. f5 gxf5 38. gxf5 Qc8 39. f6 Qf5+ 40.
Ke3 Qe4+ 41. Kd2 Qf4+ 42. Kc3 {#r} 1-0

[Event "Hampstead U2200"]
[Site "Hampstead, London"]
[Date "2013.09.28"]
[Round "1"]
[White "Sanitt, Leo"]
[Black "Olutola, Taiwo"]
[Result "1/2-1/2"]
[WhiteElo "1626"]
[BlackElo "1459"]
[EventType "swiss"]
[EventRounds "5"]

1. d4 d5 2. Nf3 Nf6 3. c4 e6 4. Nc3 c6 5. Bg5 Be7 6. e3 Nbd7 7. c5 O-O 8. b4
b6 9. Be2 Re8 10. Qc2 Bb7 11. O-O Nh5 12. Bxe7 Qxe7 13. Ne5 Nhf6 14. f4 Nxe5
15. fxe5 Nd7 16. Bd3 f5 17. a3 Nf8 18. Ne2 Ng6 19. Nf4 Nf8 20. Qe2 Ng6 21. Qh5
Nxf4 22. exf4 b5 {#d} 1/2-1/2

[Event "Hampstead U2200"]
[Site "Hampstead, London"]
[Date "2013.09.28"]
[Round "1"]
[White "Pepe, Salvatore"]
[Black "Larios, Rafael"]
[Result "1-0"]
[WhiteElo "1906"]
[BlackElo "1610"]
[EventType "swiss"]
[EventRounds "5"]

1. d4 f5 2. g3 Nf6 3. Bg2 g6 4. c4 Bg7 5. Nc3 O-O 6. e3 d6 7. Nf3 c6 8. O-O
Nbd7 9. d5 e5 10. Ng5 Nb6 11. dxc6 e4 12. cxb7 Bxb7 13. Ne6 Qe7 14. Nxf8 Rxf8
15. b3 Nbd7 16. Ba3 Nc5 17. Bxc5 dxc5 18. Qc2 Ng4 19. Rad1 Ne5 20. Nd5 Qf7 21.
f3 Bh6 22. fxe4 Bxd5 23. Rxd5 Bxe3+ 24. Kh1 Bd4 25. exf5 gxf5 26. Rxe5 {#r}
1-0

[Event "Hampstead U2200"]
[Site "Hampstead, London"]
[Date "2013.09.28"]
[Round "1"]
[White "Jefferies, Tyrone"]
[Black "Jekel, Wolfgang"]
[Result "0-1"]
[WhiteElo "1594"]
[BlackElo "1822"]
[EventType "swiss"]
[EventRounds "5"]

1. e4 d5 2. exd5 Qxd5 3. Nc3 Qd6 4. Nf3 c6 5. h3 Nf6 6. d4 Bf5 7. Bd3 Bxd3 8.
Qxd3 e6 9. O-O Be7 10. Bg5 Nbd7 11. Rfe1 O-O 12. Rad1 Rad8 13. Ne5 Nxe5 14.
dxe5 Qxd3 15. Rxd3 Rxd3 16. cxd3 Nd5 17. Bxe7 Nxe7 18. Ne4 Nc8 19. Rd1 Rd8 20.
f4 Kf8 21. Kf2 Ke7 22. g4 f6 23. exf6+ gxf6 24. a3 Nd6 25. Nc3 c5 26. Kf3 b6
27. Re1 Kf7 28. h4 h6 29. Re2 h5 30. Kg3 Rg8 31. g5 Nf5+ 32. Kh3 Rd8 33. g6+
Kxg6 34. Rxe6 Rxd3+ 35. Kh2 Rd2+ 36. Kh3 Rxb2 37. Nd5 Rb3+ 38. Kh2 Nxh4 39.
Rxf6+ Kg7 40. Rc6 Rxa3 41. Nf6 Nf3+ 42. Kg2 h4 43. Nh5+ Kf7 44. Rf6+ Ke7 45.
f5 Nd4 46. Rh6 Nxf5 47. Rh7+ Kd6 48. Nf4 c4 49. Rh5 Ne3+ 50. Kg1 c3 51. Rxh4
c2 52. Rh6+ Kc7 53. Ne6+ Kb7 54. Rh7+ Ka6 55. Nc7+ Ka5 56. Rh5+ Ka4 57. Rh4+
Kb3 {#R} 0-1

[Event "Hampstead U2200"]
[Site "Hampstead, London"]
[Date "2013.09.28"]
[Round "1"]
[White "David, Barry"]
[Black "Jina, Asha"]
[Result "0-1"]
[WhiteElo "1834"]
[BlackElo "1570"]
[EventType "swiss"]
[EventRounds "5"]

1. e4 e5 2. Nf3 Nc6 3. d4 exd4 4. c3 d5 5. exd5 Qxd5 6. cxd4 Bb4+ 7. Nc3 Bg4
8. Be2 Bxf3 9. Bxf3 Qc4 10. Bd2 O-O-O 11. d5 Re8+ 12. Ne2 Bxd2+ 13. Qxd2 Nd4
14. Rc1 Nxf3+ 15. gxf3 Rxe2+ 16. Qxe2 Qxc1+ 17. Qd1 Qxd1+ 18. Kxd1 Nf6 19. Rg1
g6 20. Rg5 Rd8 21. d6 Rxd6+ 22. Ke2 Rd5 23. Rg1 Rh5 {#R} 0-1

[Event "Hampstead U2200"]
[Site "Hampstead, London"]
[Date "2013.09.28"]
[Round "1"]
[White "Samadov, Samir"]
[Black "Pride, Stephen"]
[Result "1/2-1/2"]
[WhiteElo "1530"]
[BlackElo "1827"]
[EventType "swiss"]
[EventRounds "5"]

1. b4 d5 2. Bb2 Bg4 3. h3 Bh5 4. g4 Bg6 5. Bg2 e6 6. a3 f6 7. c4 c6 8. cxd5
exd5 9. d3 Bd6 10. Nc3 Ne7 11. Nf3 Nd7 12. Nd4 Bf7 13. e4 a5 14. b5 O-O 15.
O-O c5 16. Nf5 Nxf5 17. exf5 Nb6 18. a4 Re8 19. d4 c4 20. Ba3 Qe7 21. Bxd6
Qxd6 22. Re1 Rxe1+ 23. Qxe1 Re8 24. Qd2 Kf8 25. Re1 {#d} 1/2-1/2

[Event "Hampstead U2200"]
[Site "Hampstead, London"]
[Date "2013.09.28"]
[Round "1"]
[White "Clayton, Tristan"]
[Black "Weaver, Lauren"]
[Result "1-0"]
[WhiteElo "1825"]
[BlackElo "1512"]
[EventType "swiss"]
[EventRounds "5"]

1. e4 d5 2. exd5 Qxd5 3. Nc3 Qd6 4. d4 c6 5. Nf3 Nf6 6. Be2 Bf5 7. O-O e6 8.
Ne5 Nbd7 9. Bf4 Nd5 10. Nxd5 Nxe5 11. Bxe5 Qxd5 12. Bf3 Qb5 13. b3 Rd8 14. c4
Qb6 15. Qe2 f6 16. Bh5+ Kd7 17. Bf4 Qxd4 18. Rad1 {#r} 1-0

[Event "Hampstead U2200"]
[Site "Hampstead, London"]
[Date "2013.09.28"]
[Round "1"]
[White "Purvis, Anna"]
[Black "Joseph, Tomy"]
[Result "0-1"]
[WhiteElo "1509"]
[BlackElo "1814"]
[EventType "swiss"]
[EventRounds "5"]

1. d4 d6 2. c4 Nf6 3. Nc3 g6 4. e4 Bg7 5. f3 O-O 6. Be3 c5 7. d5 Nbd7 8. Qd2
Re8 9. Bh6 Bh8 10. h4 Ne5 11. O-O-O a5 12. g4 a4 13. h5 a3 14. b3 Nfxg4 15.
fxg4 Nxg4 16. hxg6 fxg6 17. Bf4 Bd4 18. Bg3 Be3 19. Qxe3 Nxe3 {#R} 0-1

[Event "Hampstead U2200"]
[Site "Hampstead, London"]
[Date "2013.09.28"]
[Round "1"]
[White "Liang, Jake Z"]
[Black "Hall, Kieron L"]
[Result "1-0"]
[WhiteElo "1780"]
[BlackElo "1450"]
[EventType "swiss"]
[EventRounds "5"]

1. d4 d5 2. c4 Nf6 3. cxd5 Bg4 4. f3 Bh5 5. g4 Bg6 6. e4 Nbd7 7. Nc3 e6 8.
dxe6 fxe6 9. Bf4 Bb4 10. Qb3 Qe7 11. Bc4 O-O-O 12. O-O-O Nb6 13. Bxe6+ Nfd7
14. Nh3 Rhf8 15. Bg5 Rf6 16. Bxf6 gxf6 17. Nf4 Be8 18. Bxd7+ Bxd7 19. Nfd5
Nxd5 20. Nxd5 Qf7 21. Nb6+ cxb6 22. Qxf7 Bc6 23. d5 Rd7 24. Qg8+ Kc7 25. dxc6
Kxc6 26. Qe8 Kc7 27. Qxd7+ Kb8 28. Qd8# 1-0

[Event "Hampstead U2200"]
[Site "Hampstead, London"]
[Date "2013.09.28"]
[Round "1"]
[White "Tomy, Jeff"]
[Black "Haridas, Girinath"]
[Result "0-1"]
[WhiteElo "1378"]
[BlackElo "1776"]
[EventType "swiss"]
[EventRounds "5"]

1. e4 c5 2. Nf3 d6 3. c3 Nf6 4. Bd3 Nc6 5. O-O Bg4 6. Bc2 g6 7. d3 Bg7 8. Nbd2
O-O 9. Re1 b5 10. a3 a5 11. h3 Be6 12. d4 cxd4 13. cxd4 d5 14. e5 Nd7 15. Qe2
Qb6 16. Bd3 Nxd4 17. Nxd4 Qxd4 18. Bxb5 Nxe5 19. Nb3 Qb6 20. Be3 Qd8 21. Bd4
Nd7 22. Bxg7 Kxg7 23. Nd4 Qb6 24. Nxe6+ fxe6 25. Bxd7 Rf6 26. Qe3 Qd6 27. Bb5
Raf8 28. f3 Rb8 29. Bd3 Rxb2 30. Kh1 Qg3 31. Re2 Rb3 32. a4 Qb8 33. Qd4 Kf7
34. Bb5 Qc7 35. Qd1 Rc3 36. Re1 Qg3 37. Qd2 Rb3 38. Re2 Rb4 39. Qh6 Rh4 40.
Qe3 d4 41. Qb3 d3 42. Qxd3 g5 43. Qb3 Rfh6 44. Bd3 Rxh3+ 45. gxh3 Rxh3+ {#R}
0-1

[Event "Hampstead U2200"]
[Site "Hampstead, London"]
[Date "2013.09.28"]
[Round "1"]
[White "Norman, Nigel"]
[Black "Gergelova, Monika"]
[Result "1-0"]
[WhiteElo "1758"]
[BlackElo "1297"]
[EventType "swiss"]
[EventRounds "5"]

1. d4 d5 2. Nf3 Nf6 3. Bf4 c6 4. c3 Nbd7 5. e3 Nh5 6. Bg3 Nxg3 7. hxg3 Nf6 8.
Bd3 Bg4 9. Nbd2 e6 10. Qc2 g6 11. Ne5 Bf5 12. Bxf5 exf5 13. Ndf3 Ne4 14. Qb3
Qc7 15. Rc1 f6 16. Nxg6 Rg8 17. Nxf8 Kxf8 18. Qc2 Rg7 19. Nh4 Rg5 20. Qe2 Qf7
21. Qf3 Qh5 22. Ke2 Kf7 23. Nxf5 Rxf5 24. Rxh5 Rxf3 25. gxf3 Kg6 26. Rch1 Ng5
27. f4 Ne4 28. Rxh7 f5 29. R1h6# 1-0

[Event "Hampstead U2200"]
[Site "Hampstead, London"]
[Date "2013.09.28"]
[Round "1"]
[White "Zhao, Haolin"]
[Black "Hinterreither, Nikolai"]
[Result "0-1"]
[WhiteElo "1263"]
[BlackElo "1746"]
[EventType "swiss"]
[EventRounds "5"]

1. e4 e5 2. Nf3 Nc6 3. Bb5 a6 4. Bxc6 dxc6 5. O-O Bd6 6. d4 exd4 7. Nxd4 Qf6
8. Nc3 Nh6 9. Nf3 Bg4 10. h3 Bxf3 11. Qxf3 Qxf3 12. gxf3 O-O-O 13. Be3 f5 14.
Rfd1 f4 15. Bd2 Be5 16. Be1 Rxd1 17. Nxd1 { remainder of scoresheet
unreadable. (0-1, 63)} {#R} 0-1

[Event "Hampstead U2200"]
[Site "Hampstead, London"]
[Date "2013.09.28"]
[Round "1"]
[White "Oliveri, Claudio"]
[Black "Byrne, Ken J"]
[Result "0-1"]
[WhiteElo "1738"]
[BlackElo "1194"]
[EventType "swiss"]
[EventRounds "5"]

1. e4 d6 2. Nf3 Nf6 3. Nc3 g6 4. d4 Bg7 5. Be3 O-O 6. h3 Nc6 7. Qd2 e5 8. d5
Ne7 9. Be2 c6 10. dxc6 bxc6 11. Rd1 d5 12. exd5 Nfxd5 13. Bc5 a5 14. O-O Ba6
15. Bxa6 Rxa6 16. Qe2 Rb6 17. Bxb6 Qxb6 18. Na4 Qb5 19. Qe4 f5 20. Qh4 e4 21.
b3 exf3 22. c4 Qb4 23. a3 Qxb3 24. cxd5 fxg2 25. Rfe1 Nxd5 26. Nc5 Qxa3 27.
Nd7 Bf6 28. Qc4 Qxh3 29. f4 Bh4 {#R} 0-1

[Event "Hampstead U2200"]
[Site "Hampstead, London"]
[Date "2013.09.28"]
[Round "1"]
[White "Pollack, Oscar"]
[Black "Sutton, Daniel"]
[Result "0-1"]
[WhiteElo "1122"]
[BlackElo "1721"]
[EventType "swiss"]
[EventRounds "5"]

1. e4 e5 2. Nf3 Nc6 3. d4 exd4 4. Bc4 Bc5 5. c3 Nf6 6. e5 d5 7. Bb3 Ne4 8.
cxd4 Bb4+ 9. Bd2 Nxd2 10. Nbxd2 Bg4 11. O-O Nxd4 12. h3 Bxd2 13. hxg4 Nxf3+
14. Qxf3 c6 15. Rad1 Ba5 16. Qe2 Qe7 17. Rd3 O-O 18. Rh3 Rae8 19. Qd3 g6 20.
f4 Bb6+ 21. Kh2 f6 22. exf6 Rxf6 23. Bc2 Bc7 24. Qd4 Qd6 25. g3 Re2+ 26. Rf2
Bb6 27. Rxe2 Bxd4 28. g5 Re6 29. Rd2 Qb4 30. Rg2 Qe1 31. f5 Re2 32. Rxe2 Qxe2+
33. Kh1 Qf1+ 34. Kh2 Qg1# 0-1

[Event "Hampstead U2200"]
[Site "Hampstead, London"]
[Date "2013.09.28"]
[Round "2"]
[White "Jekel, Wolfgang"]
[Black "Turner, Caius AW"]
[Result "0-1"]
[WhiteElo "1822"]
[BlackElo "2164"]
[EventType "swiss"]
[EventRounds "5"]

1. Nf3 Nf6 2. g3 g6 3. Bg2 Bg7 4. O-O c5 5. d3 Nc6 6. e4 d5 7. Nbd2 O-O 8. Re1
b6 9. h3 e6 10. Nh2 Bb7 11. e5 Nd7 12. f4 Qc7 13. Ndf3 Rae8 14. c3 d4 15. Bd2
Ndb8 16. Rc1 Qd7 17. c4 f6 18. Ng4 fxe5 19. fxe5 h5 20. Nf2 Qc7 21. Bf4 Nd7
22. Qe2 Nd8 23. Ng5 Bxg2 24. Kxg2 Qc6+ 25. Qf3 Qxf3+ 26. Nxf3 Nf7 27. h4 Nh6
28. Bxh6 Bxh6 29. Rc2 Rf5 30. g4 Rf4 31. gxh5 gxh5 32. Nh3 Rg4+ 33. Kh2 Rf8
34. Nfg5 Bxg5 35. hxg5 Rf3 36. Rg2 Rxg2+ 37. Kxg2 Rxd3 38. Nf4 Rd2+ 39. Kf3
Nf8 40. Nxh5 Rxb2 41. Nf6+ Kf7 42. Ke4 Rg2 43. Rf1 Rxg5 44. Rh1 Rg2 45. Rh8
Re2+ 46. Kd3 Re3+ 47. Kd2 Ng6 48. Rh7+ Kf8 49. Rxa7 Nxe5 50. Nd7+ Nxd7 51.
Rxd7 Ra3 52. Rd6 Rxa2+ 53. Kd3 Ra3+ 54. Kd2 Ke7 55. Rxb6 Rc3 56. Rc6 Rxc4 57.
Kd3 Rc3+ 58. Kd2 Kd7 59. Ra6 e5 60. Rh6 e4 61. Ra6 e3+ 62. Ke2 c4 63. Ra2 Kc6
{#R} 0-1

[Event "Hampstead U2200"]
[Site "Hampstead, London"]
[Date "2013.09.28"]
[Round "2"]
[White "Farzaliyev, Kanan"]
[Black "Joseph, Tomy"]
[Result "1-0"]
[WhiteElo "2122"]
[BlackElo "1814"]
[EventType "swiss"]
[EventRounds "5"]

1. e4 c5 2. Nf3 Nc6 3. d4 cxd4 4. Nxd4 Nf6 5. Nc3 e5 6. Ndb5 d6 7. Nd5 Nxd5 8.
exd5 Ne7 9. c4 g6 10. Qa4 Nc6 11. dxc6 bxc6 12. Nc3 Bd7 13. Bd3 Bg7 14. O-O
O-O 15. Qc2 Re8 16. Rd1 Be6 17. b3 d5 18. cxd5 cxd5 19. Bb5 Rc8 20. Bxe8 Qxe8
21. Qd2 Rxc3 22. Qxc3 e4 23. Rd4 Qb5 24. Bb2 Bxd4 25. Qxd4 Qd7 26. Qg7# 1-0

[Event "Hampstead U2200"]
[Site "Hampstead, London"]
[Date "2013.09.28"]
[Round "2"]
[White "Haridas, Girinath"]
[Black "Ismailov, Roman"]
[Result "0-1"]
[WhiteElo "1776"]
[BlackElo "2051"]
[EventType "swiss"]
[EventRounds "5"]

1. d4 d5 2. c4 c6 3. Nf3 Nf6 4. Nc3 dxc4 5. a4 Bf5 6. Ne5 e6 7. f3 Bb4 8. e4
Bxe4 9. fxe4 Nxe4 10. Bd2 Qh4+ 11. g3 Nxg3 12. Nf3 Qh5 13. Rg1 Nxf1 14. Rxf1
Nd7 15. Qe2 O-O 16. Qxc4 Be7 17. O-O-O Rac8 18. Qe2 b5 19. Kb1 a6 20. Rg1 Nb6
21. Bg5 f6 22. Qxe6+ Qf7 23. Qxf7+ Kxf7 24. a5 Nc4 25. Bd2 Rfd8 26. Ne4 Rd5
27. Rc1 h6 28. Bc3 Rf5 29. Rg3 g5 30. b4 Rf4 31. Nfd2 Nd6 32. Nc5 Nf5 33. Rd3
Ra8 34. Ndb3 Rf2 35. Rd2 Rf3 36. Rd3 Rf2 37. Rd2 Rf4 38. Re1 Bd6 39. Ne4 Be7
40. Nbc5 Nh4 41. Rf2 Ng6 42. Bd2 Rxf2 43. Nxf2 Bxc5 44. dxc5 f5 45. Kc2 Ne7
46. Rh1 Nd5 47. Nd3 Re8 48. Re1 Rxe1 49. Bxe1 Ke6 50. Bd2 f4 51. Nf2 Kf5 52.
h3 h5 53. Kd3 Nf6 54. Bc3 Nd5 55. Bd2 Nf6 56. Bc3 Nd5 57. Bd2 g4 58. hxg4+
hxg4 59. Ke2 g3 60. Nh3 Kg4 61. Ng1 Nf6 62. Bc1 Ne4 63. Kf1 Ng5 64. Bd2 Ne4
65. Bc1 f3 66. Be3 Nc3 67. Bc1 Nd1 68. Ne2 g2+ 69. Kg1 fxe2 70. Bd2 Kf3 71.
Be1 Nb2 72. Bg3 Nd3 73. Bf2 Nxf2 74. Kh2 g1=Q+ {#R} 0-1

[Event "Hampstead U2200"]
[Site "Hampstead, London"]
[Date "2013.09.28"]
[Round "2"]
[White "Villiers, Thomas"]
[Black "Peck, Silas"]
[Result "1-0"]
[WhiteElo "2043"]
[BlackElo "1805"]
[EventType "swiss"]
[EventRounds "5"]

1. c4 e5 2. g3 Nf6 3. Bg2 c6 4. d4 exd4 5. Qxd4 d5 6. Nc3 Be6 7. Bg5 dxc4 8.
Qxd8+ Kxd8 9. Bxf6+ gxf6 10. Nf3 Nd7 11. O-O Kc7 12. Rfd1 Be7 13. Nd4 Rad8 14.
Ne4 f5 15. Nc3 Bf6 16. Bh3 Bxd4 17. Rxd4 Nf6 18. Rf4 Nd5 19. Nxd5+ Rxd5 20. e4
fxe4 21. Bxe6 fxe6 22. Rxe4 Rd2 23. Rb1 Rf8 24. f4 Rfd8 25. Rxe6 Rc2 26. Re7+
Rd7 27. Rbe1 Rxb2 28. f5 Rxe7 29. Rxe7+ Kd8 30. f6 c3 31. Re1 Rb5 32. f7 Rf5
33. Re8+ Kc7 34. f8=Q Rxf8 35. Rxf8 b5 36. Rf2 c5 37. Kf1 b4 38. Ke2 Kd6 39.
Kd3 Kd5 40. Rf5+ Kd6 41. Kc4 c2 42. Rf1 {#r} 1-0

[Event "Hampstead U2200"]
[Site "Hampstead, London"]
[Date "2013.09.28"]
[Round "2"]
[White "Hinterreither, Nikolai"]
[Black "Twitchell, Neville H"]
[Result "0-1"]
[WhiteElo "1746"]
[BlackElo "2014"]
[EventType "swiss"]
[EventRounds "5"]

1. e4 c5 2. c3 Nf6 3. e5 Nd5 4. d4 cxd4 5. Qxd4 e6 6. Nf3 Nc6 7. Qe4 d6 8.
Nbd2 dxe5 9. Nxe5 Nxe5 10. Qxe5 Qd6 11. Bb5+ Bd7 12. Bxd7+ Qxd7 13. O-O Qd6
14. Nf3 Qxe5 15. Nxe5 Bd6 16. Nc4 Bc5 17. Be3 Nxe3 18. Nxe3 O-O-O 19. Rad1
Rxd1 20. Rxd1 Rd8 21. Rxd8+ Kxd8 22. Kf1 b5 23. Ke2 Ke7 24. Kd3 Kd6 25. f4 f6
26. g4 g6 27. b3 a6 28. c4 Bxe3 29. Kxe3 bxc4 30. bxc4 Kc5 31. Kd3 e5 32. fxe5
fxe5 33. h4 a5 34. a3 a4 35. g5 e4+ 36. Kxe4 Kxc4 37. Ke5 Kb3 38. Kf6 Kxa3 39.
Kg7 Kb3 40. Kxh7 a3 41. Kxg6 a2 42. h5 a1=Q 43. h6 Kc4 44. Kh7 Qa7+ 45. Kh8
Qd4+ 46. Kg8 Qd8+ 47. Kf7 Qh8 48. Kg6 Kd5 49. Kf5 Kd6 50. g6 Qxh6 51. Kf6 Qf8+
52. Kg5 Qg7 53. Kh5 Ke6 54. Kg5 Ke5 55. Kh5 Kf4 {#R} 0-1